Statistics for Maisie Peters - Blonde Lyrics

Click here to take the quiz!

General Stats

  • This quiz has been taken 19 times
  • The average score is 272 of 336

Answer Stats

Answer% Correct
a
100%
an
100%
as
100%
blonde)
100%
blonde
100%
I
100%
I'll
100%
(I'll
100%
No,
100%
of
100%
Then
100%
then
100%
up
100%
up"
100%
You
100%
you
100%
And
94%
and
94%
fuck
94%
it
94%
life
94%
more
94%
your
94%
Your
94%
ex
89%
go
89%
in
89%
it's
89%
never
89%
Nothing
89%
so
89%
than
89%
that
89%
woman
89%
Angel?
83%
angel?
83%
be
83%
bleach
83%
box
83%
but
83%
gonna
83%
I'm
83%
the
83%
thought
83%
to
83%
was
83%
what
83%
you're
83%
coming
78%
frightening
78%
hate
78%
if
78%
Is
78%
me
78%
next
78%
trouble
78%
what's
78%
you'd
78%
Baby,
72%
brunette?
72%
couple
72%
double
72%
free
72%
how
72%
I'd
72%
inches
72%
like
72%
Like
72%
Remember
72%
scorned
72%
screwed
72%
when
72%
worst
72%
bet
67%
done
67%
don't
67%
Don't
67%
every
67%
extreme
67%
messed
67%
nightmare
67%
said
67%
say,
67%
Starting
67%
think
67%
with
67%
all
61%
change,
61%
just
61%
Kinda
61%
knew
61%
Love
61%
make
61%
"Man
61%
thing
61%
friends
56%
going
56%
Have
56%
lost
56%
out
56%
single
56%
will
56%
agree
50%
Courtney
50%
cut
50%
did
50%
Fucking
50%
fun
50%
Gwen
50%
league
50%
name
50%
songs
50%
would
50%
You'll
50%
day
44%
emotional
44%
Ending
44%
heading
44%
knife,
44%
off
44%
put
44%
twist
44%
want
44%
had
39%
Stefani,
39%
talk
39%
Woah,
39%
wrong
39%
baggage
33%
rue
33%
some
33%

Score Distribution

Percentile by Number Answered

Percent of People with Each Score

Your Score History

You have not taken this quiz